000
00228nam a22000857a 4500
008
161206b xxu||||| |||| 00| 0 eng d
100
_9
1849
_a
Navdeep
245
_a
Treasure of Knowledge
260
_a
New delhi
_b
Navdeep Publication
_c
2005
999
_c
4595
_d
4595